[Event "Quebec Invitational 2009"]
[Site "Montreal CAN"]
[Date "2009.06.23"]
[Round "5.1"]
[White "Barbeau, Sylvain"]
[Black "Bhat, Vinay S."]
[Result "0-1"]
[WhiteElo "2357"]
[BlackElo "2475"]
[PlyCount "80"]
[EventDate "2009.06.19"]
[EventType "tourn"]
[EventRounds "9"]
[EventCountry "CAN"]
[EventCategory "7"]
[Source "lmi"]
[SourceDate "2009.06.19"]

1. e4 e6 2. d4 d5 3. e5 c5 4. c3 Nc6 5. Nf3 Qb6 6. a3 Nh6 7. b4 cxd4 8. cxd4
Nf5 9. Bb2 Bd7 10. g4 Nh6 11. Rg1 f6 12. exf6 gxf6 13. Nc3 Nf7 14. Na4 Qc7 15.
Rc1 Qf4 16. Nc5 Bxc5 17. Rxc5 Ng5 18. Nxg5 fxg5 19. Bc1 Qxd4 20. Qxd4 Nxd4 21.
Rg3 Rf8 22. Bg2 h6 23. h4 gxh4 24. Rh3 h5 25. g5 Nf5 26. Bb2 Ke7 27. Bf3 Kd6
28. Rc1 b6 29. Bxh5 e5 30. Bg4 Rae8 31. Bxf5 Rxf5 32. Rxh4 Rxg5 33. Rh6+ Be6
34. Ke2 d4 35. b5 Kd5 36. Rc6 Bg4+ 37. Kd2 Rf8 38. Rhf6 Rf5 39. Rxf8 Rxf8 40.
Ke1 Rh8 0-1

[Event "Quebec Invitational 2009"]
[Site "Montreal CAN"]
[Date "2009.06.23"]
[Round "5.3"]
[White "Bluvshtein, Mark"]
[Black "Hua, Lefong"]
[Result "1-0"]
[WhiteElo "2558"]
[BlackElo "2283"]
[PlyCount "109"]
[EventDate "2009.06.19"]
[EventType "tourn"]
[EventRounds "9"]
[EventCountry "CAN"]
[EventCategory "7"]
[Source "lmi"]
[SourceDate "2009.06.19"]

1. d4 Nf6 2. c4 c5 3. d5 e6 4. Nc3 exd5 5. cxd5 d6 6. e4 g6 7. f4 Bg7 8. Bb5+
Nbd7 9. e5 dxe5 10. fxe5 Nh5 11. e6 Qh4+ 12. g3 Nxg3 13. hxg3 Qxh1 14. Be3
Bxc3+ 15. bxc3 a6 16. exd7+ Bxd7 17. Bxd7+ Kxd7 18. Qa4+ b5 19. Qg4+ f5 20. Qf3
Qxf3 21. Nxf3 Rae8 22. Kf2 Re4 23. Bxc5 Rc8 24. Bb4 Rce8 25. Nd4 R4e5 26. a4
bxa4 27. Rxa4 Rxd5 28. Rxa6 Re4 29. Ra7+ Ke8 30. Rxh7 f4 31. g4 Re3 32. Rh8+
Kd7 33. Rf8 g5 34. Rf7+ Ke8 35. Rf5 Rxf5 36. Nxf5 Rd3 37. Nd6+ Kd7 38. Ne4 Kd8
39. Bc5 Rh3 40. Bd4 Kc7 41. Kg2 Rd3 42. Bf2 Kc6 43. c4 Rd8 44. Nxg5 Rg8 45. Bh4
Kc5 46. Ne4+ Kxc4 47. Nf6 Rh8 48. Bg5 Rf8 49. Kf3 Rf7 50. Kxf4 Kc5 51. Ke5 Re7+
52. Kf5 Re1 53. Bf4 Kc6 54. g5 Rg1 55. g6 1-0